The right to enfranchise (Record no. 78619)

MARC details
000 -LEADER
fixed length control field 00932cab a22002055a 4500
001 - CONTROL NUMBER
control field L137470
008 - FIXED-LENGTH DATA ELEMENTS--GENERAL INFORMATION
fixed length control field 070410s2006 xxk f 000 0 eng d
035 ## - SYSTEM CONTROL NUMBER
System control number (Sirsi) u137470
041 0# - LANGUAGE CODE
Language code of text/sound track or separate title eng
100 1# - MAIN ENTRY--PERSONAL NAME
Personal name Mistry, Yashmin
245 04 - TITLE STATEMENT
Title The right to enfranchise
260 ## - PUBLICATION, DISTRIBUTION, ETC.
Date of publication, distribution, etc. 2006
490 ## - SERIES STATEMENT
Series statement News on the Block
Volume/sequential designation (30) 2006, 14-15(2)
520 ## - SUMMARY, ETC.
Summary, etc. Explains the role and function of Right to Enfranchise Companies and who might participate in them. Notes that the regulations to constitute them are not yet in place and suggests that there have been some difficulties in this process. In the interim any acquisition of the freehold will continue to be by nominee purchaser.
590 ## - LOCAL NOTE (RLIN)
Local note KA
650 24 - SUBJECT ADDED ENTRY--TOPICAL TERM
Topical term or geographic name entry element COMMONHOLD AND LEASEHOLD REFORM ACT 2002
651 #4 - SUBJECT ADDED ENTRY--GEOGRAPHIC NAME
Geographic name United Kingdom
Chronological subdivision
690 ## - LOCAL SUBJECT ADDED ENTRY--TOPICAL TERM (OCLC, RLIN)
Topical term or geographic name as entry element PROPERTY-RESIDENTIAL PROPERTY-RESIDENTIAL LANDLORD AND TENANT-RESIDENTIAL LEASES-RESIDENTIAL LEASEHOLD ENFRANCHISEMENT
942 ## - ADDED ENTRY ELEMENTS (KOHA)
Suppress in OPAC 0
Holdings
Withdrawn status Lost status Source of classification or shelving scheme Damaged status Not for loan Home library Current library Shelving location Date acquired Total Checkouts Full call number Barcode Date last seen Copy number Price effective from Koha item type
    Dewey Decimal Classification     London London Journal article 10/04/2007   L137470 137470-1001 06/08/2019 1 06/08/2019 Journal article